Design and analysis of Algorithms, 2nd Edition /

This second edition of Design and Analysis of Algorithms continues to provide a comprehensive exposure to the subject with new inputs on contemporary topics in algorithm design and algorithm analysis. Spread over 21 chapters aptly complemented by five appendices, the book interprets core concepts wi...

Full description

Bibliographic Details
Main Author: Dave, Himanshu (Author)
Corporate Author: Safari, an O'Reilly Media Company
Format: eBook
Language:English
Published: Pearson India, 2013.
Edition:2nd edition.
Subjects:
Online Access:Connect to this electronic resource

MARC

Tag First Indicator Second Indicator Subfields
LEADER 00000uam a2200000 a 4500
001 in00004100267
005 20260128224150.7
006 m o d
007 cr cn
008 280714s2013 xx o eng
020 |z 9789332520158 
035 |a (CaSebORM)9789332524606 
040 |d UtOrBLW 
041 0 |a eng 
100 1 |a Dave, Himanshu,  |e author. 
245 1 0 |a Design and analysis of Algorithms, 2nd Edition /  |c Dave, Himanshu. 
250 |a 2nd edition. 
264 1 |b Pearson India,  |c 2013. 
300 |a 1 online resource (1093 pages) 
336 |a text  |b txt  |2 rdacontent 
337 |a computer  |b c  |2 rdamedia 
338 |a online resource  |b cr  |2 rdacarrier 
347 |a text file 
520 |a This second edition of Design and Analysis of Algorithms continues to provide a comprehensive exposure to the subject with new inputs on contemporary topics in algorithm design and algorithm analysis. Spread over 21 chapters aptly complemented by five appendices, the book interprets core concepts with ease in logical succession to the student's benefit. 
533 |a Electronic reproduction.  |b Boston, MA :  |c Safari,  |n Available via World Wide Web.  |d 2013. 
538 |a Mode of access: World Wide Web. 
542 |f Copyright © Pearson India  |g 2013 
588 |a Online resource; Title from title page (viewed June 1, 2013) 
500 |a Electronic resource. 
655 7 |a Electronic books.  |2 local 
710 2 |a Safari, an O'Reilly Media Company. 
856 4 0 |u https://proxy.library.tamu.edu/login?url=https://go.oreilly.com/TAMU/library/view/-/9789332524606/?ar  |z Connect to this electronic resource  |t 0 
999 f f |s e17cefbb-b4a1-3bfa-b482-b6051cec76eb  |i e225b2c8-15c7-3c63-b2be-af5633cd6962  |t 0 
952 f f |a Texas A&M University  |b College Station  |c Electronic Resources  |s www_evans  |d Available Online  |t 0  |h No information provided 
998 f f |t 0  |l Available Online